Detalles MARC
| 000 -LIDER |
| fixed length control field |
01024nam a2200301 4500 |
| 001 - NÚMERO DE CONTROL |
| Identificador de número de control |
|
| 003 - IDENTIFICACDOR DE NÚMERO DE CONTROL |
| control field |
DO-SdBNP |
| 005 - DATE AND TIME OF LATEST TRANSACTION |
| control field |
20220602075538.0 |
| 008 - ELEMENTOS DE LONGITUD FIJA |
| fixed length control field |
140604s2004 sp 000 0 spad d |
| 040 ## - FUENTE DE CATALOGACIÓN |
| Agencia que crea de manera original el registro |
BPMSU |
| Idioma de catalogación |
spa |
| Agencia que realiza la transcripción |
BPMSU |
| 082 ## - NÚMERO DE CLASIFICACIÓN DECIMAL DE DEWEY |
| Classification number |
R923 |
| Item number |
P967H 2004 |
| Edition number |
22 |
| 100 1# - ASIENTO PRINCIPAL -- NOMBRE PERSONAL |
| Nombre personal |
Miralles, Juan |
| Fechas asociadas con el nombre |
1930- |
| 245 10 - MENCIÓN DE TITULO |
| Título |
Protagonistas de la historia / |
| Mención de responsabilidad |
Juan Miralles ; prólogo Fernando R. Lafuente |
| 246 13 - VARIACION DEL TÍTULO |
| Título propiamente dicho o título corto |
Hernán Cortés : inventor de México |
| 260 ## - PUBLICACIÓN, DISTRIBUCIÓN, ETC. (PIE DE IMPRENTA) |
| Lugar de publicación, distribución, etc |
Barcelona : |
| Nombre del editor, distribuidor, etc. |
Biblioteca ABC, |
| Fecha de publicación, distribución, etc |
2004 |
| 300 ## - DESCRIPCIÓN FÍSICA |
| Extensión |
v. ; |
| Dimensiones |
23 cm. |
| 490 0# - MENCIÓN DE SERIES |
| Mención de serie |
Protagonistas de la historia |
| Volume/sequential designation |
11/-12 |
| 500 ## - NOTA GENERAL |
| Nota general |
Incluye índice |
| 500 ## - NOTA GENERAL |
| Nota general |
La biblioteca posee, 2vs. del título de Hernán Cortés |
| 590 ## - NOTA LOCAL |
| Enlace |
Inventariado,2022/VM |
| 600 14 - ENCABEZAMIENTO DE MATERIA--NOMBRE PERSONAL |
| Nombre personal |
Cortés, Hernán, |
| Fechas asociadas con el nombre |
1485-1547. |
| 650 #4 - ENCABEZAMIENTO DE MATERIA--TEMÁTICO |
| Término temático o nombre geográfico como elemento de entrada |
Personajes |
| Subdivisión de forma |
Biografías |
| 651 #4 - ENCABEZAMIENTO DE MATERIA--NOMBRE GEOGRÁFICO |
| Nombre geográfico |
México |
| Subdivisión temática general |
Historia |
| Subdivisión cronológica |
Descubrimiento y conquista, 1517-1521. |
| 700 1# - ASIENTO SECUNDARIO -- NOMBRE PERSONAL |
| Nombre personal |
Lafuente Fernando R. |
| Mención de responsabilidad |
prólogo |
| 9 (RLIN) |
29 |
| 740 ## - ASIENTO SECUNDARIO DE TÍTULOS RELACIONADOS O ANALÍTICOS NO CONTROLADOS |
| Título analítico o relacionado no controlado |
Hernán Cortés : inventor de México |
| 910 ## - VALIDACIÓN |
| Validación |
VMateo V |
| 942 ## - ADDED ENTRY ELEMENTS (KOHA) |
| Source of classification or shelving scheme |
Dewey Decimal Classification |
| Koha item type |
Libros |